LEADER 00879cam0-2200313---450- 001 990005689500403321 005 20150924154900.0 035 $a000568950 035 $aFED01000568950 035 $a(Aleph)000568950FED01 035 $a000568950 100 $a19990604d1835----km-y1itay50------ba 101 0 $aita 102 $aIT 105 $ay-------001yy 200 1 $aOpuscoli storici e letterarii editi ed inediti$fdi Luigi Cibrario 210 $aMilano$cPlacido Maria Visaj$d1835 215 $a304 p.$d18 cm 610 0 $aPiemonte$aStoria$aSaggi 610 0 $aCibrario, Luigi$aOpere 676 $a945.1$v22$zita 676 $a854.7$v22$zita 700 1$aCibrario,$bLuigi$f<1802-1870>$0139186 801 0$aIT$bUNINA$gREICAT$2UNIMARC 901 $aBK 912 $a990005689500403321 952 $a854.7 CIB 1$bIst.Glott. s.i.$fFLFBC 959 $aFLFBC 997 $aUNINA LEADER 01061nam0-2200361li-450 001 990000177880203316 005 20180312154816.0 010 $a0-672-30637-9 035 $a0017788 035 $aUSA010017788 035 $a(ALEPH)000017788USA01 035 $a0017788 100 $a20001109d1995----km-y0itay0103----ba 101 0 $aeng 102 $aUS 200 1 $aVisual C++ in 12 easy lessons$fGreg Perry and Ian Spencer 210 $aIndianapolis$cSams$dcopyr.1995 300 $acontiene 1 cd-rom 610 1 $aprogramma microsoft visual c 676 $a005.265$9Per specifici elaboratori 700 1$aPerry,$bGreg$028161 702 1$aSpencer,$bIan 801 $aSistema bibliotecario di Ateneo dell' Università di Salerno$gRICA 912 $a990000177880203316 951 $a005.265 PER$b0006810 959 $aBK 969 $aTEC 979 $c19960327 979 $c20001110$lUSA01$h1713 979 $c20020403$lUSA01$h1625 979 $aPATRY$b90$c20040406$lUSA01$h1613 996 $aVisual C++ in 12 easy lessons$91501717 997 $aUNISA